| Tag |
First Indicator |
Second Indicator |
Subfields |
| LEADER |
00000nam a2200000 4500 |
| 001 |
in00004337513 |
| 005 |
20200812095900.0 |
| 006 |
m g d |
| 007 |
cr bn |||a|bb| |
| 008 |
851008s1642 enk o 00| | eng d |
| 035 |
|
|
|a (UnM)99859020
|
| 037 |
|
|
|a CL0051000001
|b ProQuest Information and Learning. 300 N. Zeeb Rd., Ann Arbor, MI 48106
|
| 040 |
|
|
|a Cu-RivES
|c Cu-RivES
|d CStRLIN
|e dcrb
|d WaOLN
|
| 100 |
1 |
|
|a Williams, Andrew,
|c Merchant.
|
| 245 |
1 |
0 |
|a Victorious newes from Waterford in Ireland: :
|b being the copy of a letter, sent from Dublin the 18. of April by Mr. Andrew Williams, merchant, to Mr. Adam Atkins Citisen of London. Relating a happy and renowned victory, obtained by Sir Christopher Loftus, against the rebels in Waterford. Likewise the manner how he took the town, and put the rebels to death. Also a relation how that the Earl of Cork took the Earl of Osmond prisoner, where he now remains in Cork Castle, weighting the lord justices pleasure.
|
| 246 |
3 |
|
|a Aprill, 21. 1642.
|
| 260 |
|
|
|a [London] :
|b Printed for Iohn Wels,
|c 1642.
|
| 300 |
|
|
|a 1 online resource ([8] pages)
|
| 336 |
|
|
|a text
|b txt
|2 rdacontent
|
| 337 |
|
|
|a computer
|b c
|2 rdamedia
|
| 338 |
|
|
|a online resource
|b cr
|2 rdacarrier
|
| 500 |
|
|
|a At head of title: Aprill, 21. 1642.
|
| 500 |
|
|
|a To which is added a song by J. C.: "An encouragement for all true Britains," pages 8. Cf. BM.
|
| 500 |
|
|
|a Place of publication from Wing.
|
| 500 |
|
|
|a Reproduction of the original in the British Library.
|
| 510 |
4 |
|
|a Wing (2nd edition)
|c W2642.
|
| 510 |
4 |
|
|a Thomason
|c E.144[1].
|
| 533 |
|
|
|a Electronic reproduction.
|b Ann Arbor, Mich. :
|c UMI,
|d 1999-
|f (Early English books online)
|n Digital version of: (Thomason Tracts ; 26:E144[1])
|7 s1999 miun s
|
| 600 |
1 |
0 |
|a Cork, Richard Boyle,
|c Earl of,
|d 1566-1643.
|
| 600 |
1 |
0 |
|a Loftus, Christopher,
|c Sir.
|
| 651 |
|
4 |
|a Ireland
|x History
|y Rebellion of 1641.
|
| 700 |
0 |
|
|a J. C.
|t Encouragement for all true Britains.
|
| 730 |
0 |
|
|a Encouragement for all true Britains.
|
| 830 |
|
0 |
|a Early English books online.
|
| 856 |
4 |
0 |
|u http://proxy.library.tamu.edu/login?url=https://search.proquest.com/docview/2269046574
|z Connect to the full text of this electronic book
|t 0
|
| 999 |
f |
f |
|s 61960d84-a6d4-3e96-bb13-6a965c359e37
|i 329c2ec9-2c3a-344c-88d8-94bb5fb91c7f
|t 0
|
| 952 |
f |
f |
|a Texas A&M University
|b College Station
|c Electronic Resources
|d Available Online
|t 0
|h No information provided
|
| 998 |
f |
f |
|t 0
|l Available Online
|